[Event "7. LGA Premium Cup"]
[Site "Nürnberg"]
[Date "2010.09.04"]
[Round "4.51"]
[White "Schatz, Christian"]
[Black "Uhlmann, David"]
[Result "1-0"]
[WhiteElo "2189"]
[BlackElo "1997"]
[PlyCount "71"]
[EventDate "2010.09.02"]
[WhiteTeam "Schachzentrum Fürth 2002"]
[BlackTeam "SC 1911 Großröhrsdorf"]

1. Nf3 Nf6 2. c4 e6 3. g3 b6 4. Bg2 Bb7 5. O-O c5 6. Nc3 Be7 7. d4 cxd4 8. Qxd4
Nc6 9. Qf4 Qb8 10. Nb5 Qxf4 11. Bxf4 Rc8 12. Ne5 g5 13. Nxc6 dxc6 14. Nd6+ Bxd6
15. Bxd6 Rd8 16. Rfd1 Rg8 17. b4 Ba8 18. a4 Nd7 19. a5 b5 20. Rac1 Nf6 21. cxb5
cxb5 22. Bxa8 Rxa8 23. Rc7 Nd5 24. Rb7 a6 25. Rc1 Rd8 26. Rc6 Rg6 27. Bc5 e5
28. Rxg6 hxg6 29. Ra7 Nc3 30. Re7+ Kf8 31. Rxe5+ Kg8 32. Re3 Na4 33. Be7 Rd4
34. Bf6 Rd1+ 35. Kg2 Kf8 36. Bxg5 1-0

[Event "7. LGA Premium Cup"]
[Site "Nürnberg"]
[Date "2010.09.04"]
[Round "4.52"]
[White "Seibold, Hubert"]
[Black "Süß, Helmut"]
[Result "1-0"]
[WhiteElo "2180"]
[BlackElo "1989"]
[PlyCount "95"]
[EventDate "2010.09.02"]
[WhiteTeam "SK Zirndorf e.V."]
[BlackTeam "SC Noris-Tarrasch Nürnberg 1873"]

1. e4 c6 2. d4 d5 3. Nc3 dxe4 4. Nxe4 Bf5 5. Ng3 Bg6 6. Nf3 Nd7 7. h4 h6 8. h5
Bh7 9. Bd3 Bxd3 10. Qxd3 e6 11. Bf4 Qa5+ 12. Bd2 Bb4 13. c3 Bd6 14. c4 Qc7 15.
Ne4 Ngf6 16. Nxd6+ Qxd6 17. O-O-O O-O-O 18. Qe2 Qc7 19. Ne5 Nxe5 20. dxe5 Nd7
21. Bc3 Nb6 22. b3 Rxd1+ 23. Rxd1 Rd8 {(=)} 24. Qg4 Rxd1+ 25. Kxd1 Qd8+ 26. Kc2
Qg8 27. Qg3 Qh7+ 28. Qd3 Qxd3+ 29. Kxd3 Nd7 30. Ke4 Nc5+ 31. Kd4 Nd7 32. g4 Kd8
33. f4 c5+ 34. Ke4 Ke7 35. g5 Kf8 36. gxh6 gxh6 37. f5 Kg7 38. f6+ Kh7 39. b4
cxb4 40. Bxb4 b6 41. Bd6 Kg8 42. Kd4 a6 43. c5 bxc5+ 44. Bxc5 Kh7 45. Bb4 Nb6
46. Kc5 Nd5 47. Bd2 a5 48. a4 1-0

[Event "7. LGA Premium Cup"]
[Site "Nürnberg"]
[Date "2010.09.04"]
[Round "4.53"]
[White "Mons, Leon"]
[Black "Eber, Fabian"]
[Result "1/2-1/2"]
[WhiteElo "2178"]
[BlackElo "1942"]
[PlyCount "81"]
[EventDate "2010.09.02"]
[WhiteTeam "SC Forchheim e.V."]
[BlackTeam "SF Wilhermsdorf e.V."]

1. e4 c5 2. Nf3 Nc6 3. d4 cxd4 4. Nxd4 e5 5. Nb5 a6 6. Nd6+ Bxd6 7. Qxd6 Qe7 8.
Qd1 d6 9. Bd3 Nb4 10. O-O f5 11. Nc3 f4 12. b3 Nh6 13. Ba3 Nxd3 14. Qxd3 Nf7
15. Rfd1 Be6 16. Bxd6 Nxd6 17. Qxd6 Qxd6 18. Rxd6 Ke7 19. Rb6 Rhc8 20. Nd5+
Bxd5 21. exd5 Rxc2 22. Rxb7+ Kf6 23. Rb6+ Kf5 24. d6 Rd2 25. a4 a5 26. Re1 Rd5
27. f3 Rd8 28. Rc1 R8xd6 29. Rxd6 Rxd6 30. Rc5 Rb6 31. Rxa5 Rxb3 32. h4 h5 33.
Ra8 Rb1+ 34. Kh2 Ra1 35. a5 Kf6 36. a6 Kf7 37. a7 Kg6 38. g3 Ra2+ 39. Kh3 fxg3
40. Kxg3 Kf7 41. Rh8 1/2-1/2

[Event "7. LGA Premium Cup"]
[Site "Nürnberg"]
[Date "2010.09.04"]
[Round "4.55"]
[White "Saathoff, Richard"]
[Black "Pühn, Georg"]
[Result "1-0"]
[WhiteElo "2152"]
[BlackElo "1961"]
[PlyCount "103"]
[EventDate "2010.09.02"]
[WhiteTeam "SW Nürnberg Süd e.V."]
[BlackTeam "SC Noris-Tarrasch Nürnberg 1873"]

1. e4 e5 2. f4 d5 3. exd5 exf4 4. Nf3 Nf6 5. Bc4 Nxd5 6. O-O c6 7. d4 Bd6 8.
Ne5 Bxe5 9. dxe5 Qb6+ 10. Kh1 Be6 11. Bxd5 cxd5 12. Nc3 Qc6 13. Bxf4 Qd7 14.
Qd2 Na6 15. Rad1 Nc7 16. Qe3 h6 17. Ne4 Qc6 18. Nd6+ Kf8 19. Bg3 Kg8 20. Qf2
Rf8 21. Qxa7 g6 22. Qf2 Rh7 23. Rd3 Nb5 24. Nxb5 Qxb5 25. Rb3 Qa6 26. Rb6 Qa7
27. Qc5 Rc8 28. Qd6 Qxa2 29. Rxb7 Qc4 30. Rf2 Qe4 31. Kg1 d4 32. Rb8 Rxb8 33.
Qxb8+ Kg7 34. Qd8 Bd5 35. Qf6+ Kg8 36. Qf4 Qe1+ 37. Rf1 Qb4 38. Qf6 Be6 39. b3
Qc3 40. Qf2 d3 41. cxd3 Qxb3 42. Qd2 Rh8 43. Bf4 Kg7 44. d4 Qb6 45. Rf3 Bd5 46.
Rh3 g5 47. Rg3 Rc8 48. h4 Qb1+ 49. Kh2 Rh8 50. Bxg5 Kf8 51. Bf6 Rh7 52. Qa5 1-0

[Event "7. LGA Premium Cup"]
[Site "Nürnberg"]
[Date "2010.09.04"]
[Round "4.56"]
[White "Sha, Siyu"]
[Black "Bartsch, Berthold"]
[Result "1/2-1/2"]
[WhiteElo "1918"]
[BlackElo "2270"]
[PlyCount "75"]
[EventDate "2010.09.02"]
[WhiteTeam "SC Noris-Tarrasch Nürnberg 1873"]
[BlackTeam "SC Forchheim e.V."]

1. e4 c5 2. Nf3 Nf6 3. Nc3 d5 4. Bb5+ Bd7 5. exd5 Bxb5 6. Nxb5 a6 7. Nc3 Nxd5
8. O-O Nc6 9. Ne4 e6 10. d3 Be7 11. Bg5 O-O 12. a3 Rc8 13. Qe2 Nd4 14. Nxd4
cxd4 15. Bxe7 Qxe7 16. Rac1 Rc6 17. Nd2 Rfc8 18. Nf3 Qf6 19. Rfd1 Rb6 20. Rb1
Nf4 21. Qd2 e5 22. g3 Qf5 23. Rf1 Rf6 24. Ne1 Nd5 25. f3 Rfc6 26. Rf2 h5 27.
Rc1 f6 28. Ng2 Qd7 29. f4 exf4 30. Nxf4 Ne3 31. Qb4 h4 32. Qb3+ Kh7 33. Ng2
hxg3 34. hxg3 Qc7 35. Nf4 Ng4 36. Rg2 g5 37. Qd5 Rc5 38. Qe6 1/2-1/2

[Event "7. LGA Premium Cup"]
[Site "Nürnberg"]
[Date "2010.09.04"]
[Round "4.57"]
[White "Wörl, Richard"]
[Black "Bauer, Andreas"]
[Result "0-1"]
[WhiteElo "2042"]
[BlackElo "2199"]
[PlyCount "66"]
[EventDate "2010.09.02"]
[WhiteTeam "SW Nürnberg Süd e.V."]
[BlackTeam "SC Postbauer-Heng e.V"]

1. e4 g6 2. d4 Bg7 3. c3 d6 4. Bd3 Nd7 5. f4 c5 6. d5 Ngf6 7. Nf3 O-O 8. O-O c4
9. Bc2 b5 10. a4 b4 11. cxb4 Qb6+ 12. Kh1 Qxb4 13. e5 dxe5 14. fxe5 Ng4 15. e6
fxe6 16. dxe6 Nc5 17. h3 Nf6 18. Bd2 Qb6 19. a5 Qxe6 20. Ng5 Qc6 21. Bc3 Bb7
22. Qe2 Nce4 23. Nxe4 Nxe4 24. Bxe4 Qxe4 25. Re1 Qxe2 26. Rxe2 Rf1+ 27. Kh2 Bf6
28. a6 Bc6 29. Be1 Bg5 30. Bg3 Rd8 31. h4 Rdd1 32. Bf2 Bf4+ 33. Kh3 h5 0-1

[Event "7. LGA Premium Cup"]
[Site "Nürnberg"]
[Date "2010.09.04"]
[Round "4.59"]
[White "Adler, Herbert"]
[Black "Demel, Paul"]
[Result "0-1"]
[WhiteElo "2006"]
[BlackElo "2152"]
[PlyCount "64"]
[EventDate "2010.09.02"]
[WhiteTeam "SG Büchenbach/Roth e.V."]
[BlackTeam "SK Kriegshaber"]

1. d4 Nf6 2. c4 g6 3. g3 Bg7 4. Bg2 O-O 5. Nc3 d6 6. Nf3 Nc6 7. d5 Na5 8. b3 c5
9. Bb2 a6 10. O-O Rb8 11. a4 Bd7 12. Nd2 Qc7 13. Ra2 Ng4 14. h3 Nh6 15. Kh2 Nf5
16. e3 h5 17. Nf3 b5 18. axb5 axb5 19. g4 hxg4 20. hxg4 Nh6 21. Nxb5 Bxb5 22.
Bxg7 Nxg4+ 23. Kg3 Kxg7 24. Qa1+ Nf6 25. Rxa5 Bd7 26. Nd2 Rh8 27. Rh1 Rxh1 28.
Bxh1 Rh8 29. Bg2 Qc8 30. Ra7 Qg8 31. Rxd7 Qh7 32. Rxe7 Qh4+ 0-1

[Event "7. LGA Premium Cup"]
[Site "Nürnberg"]
[Date "2010.09.04"]
[Round "4.60"]
[White "Süß, Stefan"]
[Black "Mihok, Laszlo"]
[Result "1/2-1/2"]
[WhiteElo "1992"]
[BlackElo "2151"]
[PlyCount "111"]
[EventDate "2010.09.02"]
[WhiteTeam "SC Noris-Tarrasch Nürnberg 1873"]
[BlackTeam "SK Tempelhof 1931 e.V."]

1. e4 e5 2. Nf3 Nf6 3. Nxe5 d6 4. Nf3 Nxe4 5. Nc3 Nxc3 6. dxc3 Be7 7. Be3 Nc6
8. Qd2 Bg4 9. Be2 Qd7 10. O-O-O a6 11. Kb1 O-O-O 12. h3 Be6 13. Nd4 Bf6 14.
Rhe1 Rde8 15. Nxe6 fxe6 16. f4 Bh4 17. Rf1 h5 18. Bd3 Bg3 19. Qe2 Ref8 20. f5
Ne5 21. fxe6 Qxe6 22. Bd4 h4 23. Bxe5 Bxe5 24. Rxf8+ Rxf8 25. Rf1 Rf6 26. Rxf6
Qxf6 27. Qf1 Bf4 28. Qe2 Kb8 29. Qf3 g5 30. a3 c6 31. Qe4 d5 32. Qf5 Qe7 33. c4
d4 34. Qe4 Qd6 35. Ka2 Be3 36. Qf3 Ka7 37. Qf5 Qe7 38. Qe4 Qd8 39. Qf5 Qb6 40.
b4 Qd8 41. Qc5+ Ka8 42. Qf5 Bd2 43. Qf7 a5 44. Kb3 axb4 45. axb4 Qd6 46. c5 Qd8
47. Be4 Bc3 {(=)} 48. b5 Qc8 49. b6 Bd2 50. Qc4 Kb8 51. Qa4 Qe6+ 52. Qc4 Qxc4+
53. Kxc4 Be3 54. Bf5 Bf2 55. Kd3 Bg1 56. Bg4 1/2-1/2

[Event "7. LGA Premium Cup"]
[Site "Nürnberg"]
[Date "2010.09.04"]
[Round "4.63"]
[White "Dünzel, Jonas"]
[Black "Zeitler, Hans-Jürgen"]
[Result "1-0"]
[WhiteElo "2117"]
[BlackElo "1970"]
[PlyCount "57"]
[EventDate "2010.09.02"]
[WhiteTeam "Schachclub 90 Niesky"]
[BlackTeam "SC Waischenfeld"]

1. e4 c5 2. Nf3 d6 3. Nc3 Nc6 4. d4 cxd4 5. Nxd4 Nf6 6. Bg5 Qa5 7. Bxf6 gxf6 8.
Qd2 Bd7 9. O-O-O h5 10. Kb1 Bh6 11. Qe2 a6 12. Nf5 Bxf5 13. exf5 O-O-O 14. Nd5
Rde8 15. Qxh5 Ne5 16. Qe2 Kb8 17. f4 Nc6 18. g3 Bg7 19. Bg2 e6 20. Nc3 d5 21.
fxe6 fxe6 22. f5 d4 23. Bxc6 dxc3 24. Bxe8 Qb4 25. b3 Qa3 26. Rd8+ Kc7 27. Qc4+
Kxd8 28. Rd1+ Ke7 29. Qxe6+ 1-0

[Event "7. LGA Premium Cup"]
[Site "Nürnberg"]
[Date "2010.09.04"]
[Round "4.64"]
[White "Ortpaul, Mario"]
[Black "Nuding, Matthias"]
[Result "0-1"]
[WhiteElo "1958"]
[BlackElo "2130"]
[PlyCount "148"]
[EventDate "2010.09.02"]
[WhiteTeam "Schachklub Halle 1946 e.V."]
[BlackTeam "SW Nürnberg Süd e.V."]

1. Nf3 e6 2. d4 d5 3. Bf4 Nf6 4. e3 Be7 5. Nbd2 Nbd7 6. Be2 O-O 7. O-O c5 8. c3
b6 9. Ne5 Bb7 10. Qc2 Nxe5 11. Bxe5 Nd7 12. Bg3 {(=)} Bf6 13. Nf3 Qe7 14. Bd3
g6 15. Ne5 Nxe5 16. dxe5 Bg7 17. Rad1 Bc6 18. e4 c4 19. Be2 dxe4 20. Rd6 Bd5
21. Qa4 Rfc8 22. Rd1 Qb7 23. Rd7 Rc7 24. Rxc7 Qxc7 25. Rd4 a6 26. Qd1 Qc6 27.
Qd2 b5 28. Qf4 Qc7 29. Bd1 f6 30. Qd2 Qf7 31. f4 fxe5 32. fxe5 Rf8 33. Qe2 Qf5
34. Bc2 Bxe5 35. Bxe5 Qxe5 36. Bxe4 Rf4 37. Bf3 Qxe2 38. Bxe2 Rxd4 39. cxd4 b4
40. Kf2 Kf7 41. g3 a5 42. Ke3 g5 43. h4 h6 44. hxg5 hxg5 45. Bg4 Kf6 46. Bh3 e5
47. Bd7 c3 48. dxe5+ Kxe5 49. bxc3 Bxa2 50. cxb4 axb4 51. Kd3 Bd5 52. Bg4 b3
53. Bh3 Kd6 54. Kc3 Be6 55. Bg2 Kc5 56. Be4 Kb5 57. Bd3+ {(=)} Ka4 58. Kb2 Kb4
59. Be2 Bc4 60. Bg4 Bd3 61. Be6 Bc2 62. Bg4 Kc4 63. Bd7 Kd4 64. Bg4 Ke3 65. Bd7
Kf3 66. Be6 Kxg3 67. Bd7 Kf4 68. Be6 g4 69. Bxg4 Kxg4 70. Kc3 Kf4 71. Kb2 Ke5
72. Kc3 Kd5 73. Kb2 Kc4 74. Ka1 Bd1 0-1

[Event "7. LGA Premium Cup"]
[Site "Nürnberg"]
[Date "2010.09.04"]
[Round "4.65"]
[White "Madlo-Thiess, Franziska"]
[Black "Osmanovic, Faruk"]
[Result "0-1"]
[WhiteElo "1906"]
[BlackElo "2118"]
[PlyCount "82"]
[EventDate "2010.09.02"]
[WhiteTeam "SC Erlangen 48/88"]
[BlackTeam "SC Blau.Turm Bad Wimpfen"]

1. Nf3 e6 2. g3 b6 3. Bg2 Bb7 4. O-O Nf6 5. c4 Be7 6. d4 O-O 7. Nc3 Ne4 8. Nxe4
Bxe4 9. Bf4 d6 10. b4 Nd7 11. b5 Bf6 12. Rc1 Qe7 13. Bd2 a6 14. a4 Ra7 15. Bb4
Rc8 16. e3 axb5 17. axb5 Rca8 18. Nd2 Bxg2 19. Kxg2 Qf8 20. Ne4 Be7 21. h4 Ra4
22. Qb3 Rxb4 23. Qxb4 d5 24. Qb1 dxe4 25. Qxe4 Ra4 26. Qc6 Qa8 27. Qxa8+ Rxa8
28. Ra1 Rc8 29. Ra7 Bb4 30. Rc1 Kf8 31. Kf3 Ke8 32. Ra4 Bd6 33. e4 e5 34. dxe5
Nxe5+ 35. Ke2 f6 36. f4 Nd7 37. Kf3 Kf7 38. Ra2 Nc5 39. Re2 Ra8 40. Rc3 h5 41.
g4 Ne6 0-1

[Event "7. LGA Premium Cup"]
[Site "Nürnberg"]
[Date "2010.09.04"]
[Round "4.67"]
[White "Hoffmann, Ayar"]
[Black "Hirschinger, Thomas"]
[Result "0-1"]
[WhiteElo "1782"]
[BlackElo "2098"]
[PlyCount "62"]
[EventDate "2010.09.02"]
[WhiteTeam "SC Postbauer-Heng e.V"]
[BlackTeam "SK Landau"]

1. c4 Nf6 2. Nc3 c5 3. g3 d5 4. cxd5 Nxd5 5. Bg2 Nc7 6. d3 g6 7. Bd2 Bg7 8. Rb1
O-O 9. Nf3 Nc6 10. a3 a5 11. O-O Rb8 12. Na4 Ne6 13. b4 cxb4 14. axb4 b5 15.
Nc5 Nxb4 16. Bxb4 axb4 17. Qc1 Bc3 18. Ne4 Nd4 19. Nxd4 Qxd4 20. Qc2 Bf5 21.
Nxc3 bxc3 22. Bc6 Qc5 23. Bxb5 Rxb5 24. Rxb5 Qxb5 25. Qxc3 Rc8 26. Qd4 Qc5 27.
Qh4 Qe5 28. e4 Bd7 29. Rd1 Bc6 30. Qg4 Rd8 31. Qe2 Qd4 0-1

[Event "7. LGA Premium Cup"]
[Site "Nürnberg"]
[Date "2010.09.04"]
[Round "4.69"]
[White "Myagkov, Kirill"]
[Black "Walter, Florian"]
[Result "0-1"]
[WhiteElo "1795"]
[BlackElo "2019"]
[PlyCount "90"]
[EventDate "2010.09.02"]
[WhiteTeam "SC Noris-Tarrasch Nürnberg 1873"]
[BlackTeam "SV Lauf a.d.P."]

1. e4 g6 2. d4 Bg7 3. f4 d5 4. e5 Nh6 5. Nf3 Bg4 6. h3 Bxf3 7. Qxf3 e6 8. Be3
c6 9. Nd2 Nd7 10. Bd3 b5 11. g4 Nb6 12. b3 Qd7 13. g5 Nf5 14. Bxf5 gxf5 15. h4
Qe7 16. h5 Qb4 17. O-O Rg8 18. h6 Bxh6 19. Kf2 Bg7 20. Qh5 Qf8 21. Rfc1 Kd7 22.
c4 bxc4 23. bxc4 h6 24. c5 Nc8 25. Nf3 Ne7 26. Rab1 Kc7 27. a4 Rh8 28. a5 Ng6
29. a6 Rb8 30. Bd2 Qc8 31. Qh1 hxg5 32. Qf1 g4 33. Rxb8 Kxb8 34. Ng5 Rh2+ 35.
Ke3 Bxe5 36. Rb1+ Ka8 37. dxe5 d4+ 38. Kd3 Qxa6+ 39. Kc2 Qa5 40. Qd3 Qxc5+ 41.
Kb2 Nxf4 42. Qc2 Qb5+ 43. Ka1 Qa6+ 44. Kb2 d3 45. Qc3 Nd5 0-1

[Event "7. LGA Premium Cup"]
[Site "Nürnberg"]
[Date "2010.09.04"]
[Round "4.71"]
[White "Hirschmann, Jakob"]
[Black "Sieber, Heiko"]
[Result "1-0"]
[WhiteElo "1805"]
[BlackElo "2066"]
[PlyCount "79"]
[EventDate "2010.09.02"]
[WhiteTeam "SG Reil-Kinheim"]
[BlackTeam "PTSV SK Hof 1892"]

1. e4 d5 2. exd5 Qxd5 3. Nc3 Qa5 4. d4 Nf6 5. Bd2 c6 6. Bc4 Bf5 7. Nge2 e6 8.
O-O Qc7 9. Bf4 Bd6 10. Bxd6 Qxd6 11. Ng3 Bg6 12. f4 O-O 13. Qd2 c5 14. d5 Nc6
15. f5 exf5 16. Nxf5 Qd7 17. Qg5 Nd4 18. Nxg7 Kxg7 19. Qxf6+ Kg8 20. Bd3 Nxc2
21. Bxc2 Bxc2 22. Qg5+ Bg6 23. h4 Qd8 24. Rf6 Kg7 25. Raf1 h6 26. Qe5 Kg8 27.
h5 Bh7 28. R1f3 Qe8 29. Rg3+ Kh8 30. Re6+ f6 31. Qc7 Qf7 32. Re7 Qg8 33. Rxg8+
Bxg8 34. Qf4 Bf7 35. Qxf6+ Kg8 36. Qxh6 Rfe8 37. Qg5+ Kf8 38. d6 Rad8 39. Qf6
Rxd6 40. Qxf7# 1-0

[Event "7. LGA Premium Cup"]
[Site "Nürnberg"]
[Date "2010.09.04"]
[Round "4.72"]
[White "Karasek, Christian"]
[Black "Zikeli, Julia"]
[Result "1-0"]
[WhiteElo "2063"]
[BlackElo "1844"]
[PlyCount "53"]
[EventDate "2010.09.02"]
[BlackTeam "SG Schwäb.Gmünd 1872 e.V"]

1. e4 c5 2. Nf3 d6 3. d4 cxd4 4. Nxd4 Nf6 5. Nc3 a6 6. f3 e5 7. Nb3 Be6 8. Be3
Be7 9. Qd2 O-O 10. O-O-O b5 11. g4 Nbd7 12. h4 Nb6 13. Qf2 Nfd7 14. Kb1 Rb8 15.
g5 Nc4 16. Bc1 a5 17. f4 exf4 18. Qxf4 Nde5 19. Nd4 b4 20. Nd5 Bxd5 21. exd5
Qc7 22. Rh2 a4 23. Nc6 Kh8 24. Bxc4 Nxc4 25. Qxc4 Rfc8 26. Qe4 b3 27. Qxe7 1-0

[Event "7. LGA Premium Cup"]
[Site "Nürnberg"]
[Date "2010.09.04"]
[Round "4.73"]
[White "Millikan, Erlend"]
[Black "Renner, Gabriele"]
[Result "1/2-1/2"]
[WhiteElo "1754"]
[BlackElo "2008"]
[PlyCount "162"]
[EventDate "2010.09.02"]
[WhiteTeam "USA"]
[BlackTeam "FC Bayern München e.V."]

1. d4 d5 2. e3 Nf6 3. Bd3 Bg4 4. f3 Bd7 5. Ne2 e6 6. O-O c5 7. c4 Nc6 8. Nbc3
cxd4 9. cxd5 dxc3 10. dxc6 Bxc6 11. Nxc3 Be7 12. e4 Qb6+ 13. Kh1 O-O 14. Qc2 h6
15. Qf2 Bc5 16. Qg3 Be3 17. Qe1 Bxc1 18. Qxc1 Rac8 19. Qc2 Rfd8 20. Rad1 Qa5
21. Qb3 Nd7 22. Be2 Nc5 23. Rxd8+ Rxd8 24. Qc2 Na4 25. Rd1 Rxd1+ 26. Bxd1 Nxc3
27. bxc3 {(=)} Qc5 28. h3 a5 29. Qb2 a4 30. Qb4 Qa7 31. a3 Qa6 32. c4 Be8 33.
Be2 Qc6 34. Kg1 Qc7 35. Kf2 Bc6 36. c5 Qd7 37. Ke3 Qd8 38. Kf2 Qh4+ 39. Kf1 Qf4
40. Kf2 Qc1 41. Bc4 h5 42. Kg3 Qg5+ 43. Kf2 h4 44. Bd3 Qg3+ 45. Kf1 Qe5 46. Kg1
{(=)} Qf4 47. Kf2 e5 48. Bc2 Qc1 49. Bxa4 Bxa4 50. Qxa4 Qxc5+ 51. Kf1 Qc1+ 52.
Kf2 Qd2+ 53. Kf1 Qd3+ 54. Kf2 Kh7 55. Qb4 b5 56. Qe7 f6 57. Qb4 Kg6 58. Qe7
Qd2+ 59. Kf1 Qc1+ 60. Kf2 Qc4 61. Qb4 Qc2+ 62. Kf1 Qd1+ 63. Kf2 Kg5 64. Qxb5
Qd4+ 65. Kf1 Qa1+ 66. Kf2 Qxa3 67. Qd7 Qb2+ 68. Kf1 Qa1+ 69. Ke2 Qa6+ 70. Kf2
Qb6+ 71. Ke2 Qb2+ 72. Kf1 Qc1+ 73. Ke2 Qc4+ 74. Ke1 Qc1+ 75. Ke2 Qc4+ 76. Ke1
Qc1+ 77. Kf2 Qb2+ 78. Kf1 Qc1+ 79. Kf2 Qc2+ 80. Kf1 Qc1+ 81. Ke2 Qc2+ 1/2-1/2

[Event "7. LGA Premium Cup"]
[Site "Nürnberg"]
[Date "2010.09.04"]
[Round "4.74"]
[White "Henrichs, Wenke"]
[Black "Balhar, Michael"]
[Result "1-0"]
[WhiteElo "2061"]
[BlackElo "1812"]
[PlyCount "121"]
[EventDate "2010.09.02"]
[WhiteTeam "Schachverein Wattenscheid 1930"]
[BlackTeam "SC Erlangen 48/88"]

1. d4 d5 2. c4 e6 3. Nc3 Nf6 4. cxd5 exd5 5. Bg5 Be7 6. e3 c6 7. Bd3 Nbd7 8.
Qc2 h6 9. Bf4 O-O 10. h3 Re8 11. Nf3 Nf8 12. O-O Bd6 13. Bxd6 Qxd6 14. a3 Be6
15. Ne5 a6 16. f4 N6d7 17. f5 Nxe5 18. fxe6 Rxe6 19. dxe5 Rxe5 20. Rae1 Rae8
21. Qf2 Qe7 22. Nd1 Ne6 23. Re2 Ng5 24. Rc2 Qd7 25. Bf5 Qc7 26. Qf4 Qe7 27.
Rcf2 f6 28. Qg3 d4 29. exd4 Re1 30. Qb3+ Kh8 31. Rxe1 Qxe1+ 32. Rf1 Qe7 33. Qg3
Qd8 34. Qg4 Qd5 35. Nc3 Qb3 36. Rf2 Re1+ 37. Kh2 Qb6 38. h4 Qc7+ 39. g3 Nf7 40.
Qg6 Kg8 41. Ne4 Qe7 42. Nc5 Qe3 43. Rg2 Qc1 44. Qh7+ Kf8 45. Nd7+ Ke7 46. Rf2
Rh1+ 47. Kg2 Rg1+ 48. Kf3 Qd1+ 49. Re2+ Kd6 50. Qxg7 Rf1+ 51. Ke3 Qb3+ 52. Bd3
Kxd7 53. Qg4+ Qe6+ 54. Qxe6+ Kxe6 55. Bc4+ Ke7 56. d5 Ne5 57. dxc6 Nxc6 58. Ke4
b5 59. Kd5+ Ne5 60. Rxe5+ fxe5 61. Bxf1 1-0

[Event "7. LGA Premium Cup"]
[Site "Nürnberg"]
[Date "2010.09.04"]
[Round "4.75"]
[White "Rausch, Wolfgang"]
[Black "Seidel, Michael"]
[Result "1-0"]
[WhiteElo "1794"]
[BlackElo "2058"]
[PlyCount "69"]
[EventDate "2010.09.02"]
[WhiteTeam "VSG 1880 Offenbach"]
[BlackTeam "PTSV SK Hof 1892"]

1. c4 e5 2. Nc3 Nc6 3. Nf3 g6 4. d4 exd4 5. Nxd4 Bg7 6. Nxc6 bxc6 7. e4 Ne7 8.
Be2 O-O 9. O-O d6 10. Be3 c5 11. Qd2 Rb8 12. Rfd1 Be6 13. b3 Nc6 14. Rac1 Re8
15. Bd3 Nd4 16. Ne2 Bg4 17. Bxd4 Bxd4 18. Nxd4 cxd4 19. f3 Be6 20. c5 c6 21.
Be2 dxc5 22. Rxc5 Qb6 23. Rdc1 Rbc8 24. Qxd4 Red8 25. Qc3 Rd6 26. Rc2 Rcd8 27.
b4 h5 28. a3 Rd4 29. Qe3 R4d6 30. Kf2 f6 31. Ra5 Rd4 32. Ra6 Qb8 33. g3 f5 34.
Raxc6 Bf7 35. exf5 1-0

[Event "7. LGA Premium Cup"]
[Site "Nürnberg"]
[Date "2010.09.04"]
[Round "4.76"]
[White "Schulz, Anja"]
[Black "Wettermann, Bernd"]
[Result "1-0"]
[WhiteElo "2052"]
[BlackElo "1768"]
[PlyCount "77"]
[EventDate "2010.09.02"]
[WhiteTeam "Muldental Wilkau-Haßlau"]
[BlackTeam "FC Konradsreuth"]

1. e4 e5 2. Nf3 Nc6 3. Bb5 Bc5 4. O-O Nge7 5. c3 Bb6 6. d4 exd4 7. cxd4 O-O 8.
d5 Nb8 9. Bg5 f6 10. Be3 Bxe3 11. fxe3 d6 12. Nd4 Ng6 13. Nc3 Qe7 14. Ba4 Nd7
15. Ne6 Nde5 16. Nxf8 Nxf8 17. Rc1 Nfg6 18. Qd4 c5 19. dxc6 bxc6 20. Nd5 Qf8
21. Bxc6 Rb8 22. Nb4 a5 23. Bd5+ Kh8 24. Nc6 Nxc6 25. Rxc6 Ne5 26. Rb6 Bd7 27.
Rc1 Re8 28. Rc7 f5 29. Rc1 Qf6 30. Rf1 Qh6 31. exf5 Ng4 32. Qf4 Nxe3 33. Bf7
Rf8 34. Rxd6 Qxf4 35. Rxf4 Rxf7 36. Re4 Nxf5 37. Rxd7 Rf8 38. Re5 h6 39. Rxa5
1-0

[Event "7. LGA Premium Cup"]
[Site "Nürnberg"]
[Date "2010.09.04"]
[Round "4.77"]
[White "Heinz, Friedrich"]
[Black "Zikeli, Saskia"]
[Result "0-1"]
[WhiteElo "1768"]
[BlackElo "2050"]
[PlyCount "82"]
[EventDate "2010.09.02"]
[WhiteTeam "SV Alsfeld"]
[BlackTeam "SC Ingersheim e.V."]

1. e4 c5 2. Nf3 d6 3. d4 cxd4 4. Nxd4 Nf6 5. Nc3 a6 6. Be3 e5 7. Nb3 Be6 8. f3
Be7 9. g4 d5 10. g5 d4 11. gxf6 Bxf6 12. Bf2 dxc3 13. Qxd8+ Bxd8 14. bxc3 b6
15. O-O-O Nd7 16. Rg1 O-O 17. Be2 Be7 18. Be3 Ba3+ 19. Kb1 Rfc8 20. Bc1 Bxc1
21. Kxc1 Rxc3 22. Rd2 a5 23. Rgd1 a4 24. Na1 Nf8 25. Rd8 Rxd8 26. Rxd8 Re3 27.
Rd2 Bxa2 28. Kb2 Be6 29. c3 a3+ 30. Kxa3 Rxc3+ 31. Kb4 Rc1 32. Nc2 Rb1+ 33. Ka4
Nd7 34. Nb4 Kf8 35. Nd5 Nc5+ 36. Ka3 Nb3 37. Ra2 Nd4 38. Rd2 Rb3+ 39. Ka2 Nxf3
40. Rc2 Nd4 41. Rd2 Rh3 0-1

[Event "7. LGA Premium Cup"]
[Site "Nürnberg"]
[Date "2010.09.04"]
[Round "4.78"]
[White "Frey, Alisa"]
[Black "Matuschek, Thomas"]
[Result "1-0"]
[WhiteElo "2045"]
[BlackElo "1763"]
[PlyCount "97"]
[EventDate "2010.09.02"]
[WhiteTeam "SC Eppingen"]
[BlackTeam "SG Siemens Amberg"]

1. e4 c6 2. d4 d5 3. Nc3 dxe4 4. Nxe4 Nf6 5. Nxf6+ exf6 6. c3 Bd6 7. Bd3 Qe7+
8. Ne2 Bg4 9. Be3 Nd7 10. Qc2 h6 11. O-O-O O-O-O 12. h3 Bxe2 13. Bxe2 Rhe8 14.
Bf3 Nb6 15. c4 Bc7 16. Rhe1 Qb4 17. Be2 Qe7 18. Kb1 Kb8 19. Rd2 Qe4 20. Qxe4
Rxe4 21. Bd3 Re7 22. Rde2 Rde8 23. Bd2 Rxe2 24. Rxe2 Rxe2 25. Bxe2 Kc8 26. Kc2
Kd8 27. Kd3 Nc8 28. Bb4 Bd6 29. Bc3 Ke7 30. Bg4 Kd8 31. b4 Ne7 32. Bf3 Ng6 33.
b5 Nh4 34. Ke3 Nxf3 35. Kxf3 cxb5 36. cxb5 Kd7 37. Ke4 Ba3 38. Kd5 Kc7 39. Kc4
Kd7 40. g4 Kc7 41. Bb4 Bxb4 42. Kxb4 Kd6 43. Kc4 b6 44. f4 g6 45. h4 Ke6 46.
d5+ Kd6 47. Kd4 Kd7 48. h5 Kd6 49. g5 1-0

[Event "7. LGA Premium Cup"]
[Site "Nürnberg"]
[Date "2010.09.04"]
[Round "4.80"]
[White "Bauer, Manfred"]
[Black "Walch, Roger"]
[Result "1-0"]
[WhiteElo "2148"]
[BlackElo "1734"]
[PlyCount "45"]
[EventDate "2010.09.02"]
[WhiteTeam "SK Schmiden/Cannstatt"]
[BlackTeam "SW Nürnberg Süd e.V."]

1. e4 e6 2. d3 d5 3. Nd2 Nf6 4. Ngf3 Nc6 5. g3 dxe4 6. dxe4 Bc5 7. Bg2 O-O 8.
O-O e5 9. Qe2 Qe7 10. c3 a5 11. h3 h6 12. Re1 b6 13. Qd1 Nh5 14. Nf1 Rd8 15.
Qa4 Bd7 16. Qc2 Be8 17. Be3 Bd6 18. N1h2 Nf6 19. Nh4 Qf8 20. Rad1 Rd7 21. Bf1
Na7 22. Bc4 Bc5 23. Ng6 1-0

[Event "7. LGA Premium Cup"]
[Site "Nürnberg"]
[Date "2010.09.04"]
[Round "4.81"]
[White "Hirschberg, Leander"]
[Black "Wiesgickl, Gerhard"]
[Result "1/2-1/2"]
[WhiteElo "1705"]
[BlackElo "2076"]
[PlyCount "43"]
[EventDate "2010.09.02"]
[WhiteTeam "SV Pfinztal e. V."]
[BlackTeam "SG Siemens Amberg"]

1. e4 c5 2. c3 d5 3. exd5 Qxd5 4. d4 e5 5. dxe5 Qxd1+ 6. Kxd1 Nc6 7. f4 f6 8.
exf6 Nxf6 9. Bb5 Bg4+ 10. Ke1 O-O-O 11. Nd2 Bd6 12. g3 Ne7 13. Kf2 Ned5 14.
Ngf3 a6 15. Bc4 Nb6 16. Re1 Rhe8 17. Bb3 h6 18. Bc2 Bh3 19. Ne4 Nxe4+ 20. Rxe4
Rxe4 21. Bxe4 Bf8 22. Be3 1/2-1/2

[Event "7. LGA Premium Cup"]
[Site "Nürnberg"]
[Date "2010.09.04"]
[Round "4.82"]
[White "Schlötterer, Hermann"]
[Black "Weissbeck, Wolf-Dieter"]
[Result "0-1"]
[WhiteElo "1980"]
[BlackElo "1708"]
[PlyCount "106"]
[EventDate "2010.09.02"]
[WhiteTeam "SC Noris-Tarrasch Nürnberg 1873"]
[BlackTeam "SV Alsfeld"]

1. d4 e6 2. g3 g6 3. Bg2 Bg7 4. e4 d5 5. Ne2 Nc6 6. e5 Nge7 7. Nbc3 b6 8. O-O
O-O 9. f4 Ba6 10. Be3 h5 11. h3 Nf5 12. Bf2 Qe7 13. a3 Na5 14. b3 Rac8 15. Qd2
c6 16. Rfe1 Rc7 17. Kh2 Rfc8 18. Na4 Bh6 19. Qb4 Bxe2 20. Rxe2 h4 21. Qxe7
hxg3+ 22. Bxg3 Rxe7 23. Rd1 c5 24. dxc5 bxc5 25. Rf2 c4 26. b4 Nb7 27. Nc3 a5
28. Bf3 axb4 29. axb4 Ra8 30. Bg4 Ne3 31. Re1 Nxg4+ 32. hxg4 Nd8 33. Rf3 Rb7
34. Rb1 Nc6 35. b5 Nd4 36. Rf2 Ra3 37. Ne2 Nxc2 38. Ng1 Rb3 39. Rc1 Ne3 40. Kh3
Bf8 41. Nf3 Bc5 42. Ra2 R7xb5 43. Ra8+ Rb8 44. Ra5 Bb6 45. Ra6 c3 46. Be1 d4
47. Ng5 c2 48. Ne4 Nd5+ 49. Kh4 d3 50. Bd2 Bd8+ 51. Kg3 Be7 52. Kf3 Bb4 53.
Bxb4 d2+ 0-1